Instruments that start with T - Statistics

General Stats
  • This quiz has been taken 284 times
  • The average score is 4 of 7
Answer Stats
Answer % Correct
Trombone
94%
Trumpet
89%
Tuba
80%
Timpani
61%
Triangle
54%
Tenor Sax
30%
Tenor Drums
5%
No matching quizzes found
Score Distribution
Percent of People with Each Score
Percentile by Number Answered
Your Score History
You have not taken this quiz